| 000 | 01954nam0a22003731 4500 | ||
|---|---|---|---|
| 001 | RU\INFOCOMM_322\NLR\5000183923 | ||
| 005 | 20250613110753.0 | ||
| 010 | _a5-7300-0149-5 | ||
| 035 | _a(NLR Aleph) 009573455 | ||
| 090 |
_a9144393 _c9144393 |
||
| 100 | _a20130219d1989 |||y0rusy50 ca | ||
| 101 | 1 |
_aeng _crus |
|
| 102 | _aRU | ||
| 105 | _ay z ||||| | ||
| 200 | 1 |
_aMasterworks of Russian painting from Soviet museums _e[An album _fSelections a. introd. by Tatyana Ilyina _gTransl. from the Russ. by Alexander Repyev] |
|
| 210 |
_aL. _cAurora _d1989 |
||
| 215 |
_a295 с.: ил., цв. ил., портр. _cил., цв. ил., портр. _d34 см |
||
| 300 | _aВ вып. дан.: Шедевры русской живописи в музеях СССР: Альбом | ||
| 320 | _aБиблиогр.: с. 292-293 | ||
| 327 | 1 | _aРазд.: The sources of the tradition, 11th to 17th century. From baroque to romantism, late 17th to early 19th century. The age of realism, 19th century. The reappraisal of value, late 19th and early 20th centuries | |
| 464 | 0 |
_12001#$aThe sources of the tradition, 11th to 17th century _tThe sources of the tradition, 11th to 17th century |
|
| 464 | 0 |
_12001#$aFrom baroque to romantism, late 17th to early 19th century _tFrom baroque to romantism, late 17th to early 19th century |
|
| 464 | 0 |
_12001#$aThe age of realism, 19th century _tThe age of realism, 19th century |
|
| 464 | 0 |
_12001#$aThe reappraisal of value, late 19th and early 20th centuries _tThe reappraisal of value, late 19th and early 20th centuries |
|
| 606 | 0 |
_aЖивопись, русская _yСССР _jСобрания _2nlr_sh1 |
|
| 620 | _aСанкт-Петербург | ||
| 686 |
_aЩ143(2Р=-Р_л61 _2rubbk |
||
| 686 |
_aЩ101.3(2) _2rubbk |
||
| 702 | 1 |
_aIl'ina _bT. V. _gTat'jana Valerianovna _4220 |
|
| 801 | 1 |
_aRU _bInfocomm _c20130219 |
|
| 801 | 0 |
_aRU _bINFOCOMM _gPSBO |
|
| 852 |
_aNLR _jЭ АлИс485/2-14 |
||
| 942 | _cBOOK | ||
| 980 | _aNB | ||